000 00406nam a2200181Ia 4500
001 9923
005 20260306161754.0
008 260306t2005||||xx |||||||||||||| ||spa||
041 _aESP
082 _a808.51
_bR22
100 _aRamírez Lituma, Wilfredo
_eAUT
245 0 _aOratoria
260 _c2005
300 _a200 páginas :
_ccm.
650 _aGEN
654 _aCHU
942 _cLIB
_dJUS
_fJUS
_2ddc
_n
999 _c9923
_d9923